Najdłuższe rzeki świata - Statystyki

Ogólne statystyki
  • Ten quiz został rozwiązany 122 razy
  • Średni wynik to 6 z 10
Statystyki odpowiedzi
Numer: Długość: Odpowiedź: % Poprawnych
2. 6695km Nil
100%
1. 6800km Amazonka
97%
3. 6300km Jangcy
77%
4. 6020km Missisipi
69%
7. 4700km Kongo
57%
10. 4400km Lena
57%
6. 5410km Ob
52%
5. 5464km Huang He
49%
8. 4500km, Mekong
48%
9. 4440km Amur
43%
Nie znaleziono quizów pasujących do podanych kryteriów
Rozkład punktacji
Procent ludzi z każdym wynikiem
Percentyl według liczby udzielonych odpowiedzi
Twoja historia wyników
Nie rozwiązałeś tego quizu